Statistics for Top 15 Celebrities Born In 1982

Click here to take the quiz!

General Stats

  • This quiz has been taken 133 times
    (98 since last reset)
  • The average score is 6 of 15

Answer Stats

Answer% Correct
Nicki Minaj
84%
Prince William
80%
Anne Hathaway
72%
Kate Middleton
61%
Seth Rogen
61%
Lil Wayne
51%
Kirsten Dunst
47%
Kelly Clarkson
41%
Priyanka Chopra
39%
Kieran Culkin
29%
Adam Lambert
20%
Jodie Sweetin
12%
Ty Dolla Sign
11%
Rebecca Zamolo
7%
Rebecca Hall
5%

Score Distribution

Percentile by Number Answered

Percent of People with Each Score

Your Score History

You have not taken this quiz since the last reset